00984 am a22002657a 450000100100000000500170001000800410002702000210006802000180008904000110010708200210011810000290013924501090016826000870027730000270036450000240039150400310041565000340044665300250048065500240050570000280052994200210055799900170057895201230059501130719220140302115829.0900328s1988 xxk grb 001 0 eng d a0140091386 (pbk) a9780140091380 aUkcUk04a658.314222bDEA1 aDeal, Terrence E.93514610aCorporate cultures :bthe rights and rituals of corporate life /cTerrence E. Deal and Allen A. Kennedy. aLondon :bPenguin Books Ltd.,c1988e(Reading, United Kingdom :fCox & Wyman Ltd.) aviii, 232 p. ;c20 cm. aIndex : p. 223-232. aBibliography : p. 197-209. 0aOrganizational behavior94617 bBUSADMcFebruary2014 vreading book9342321 aKennedy, Allison935147 2ddck658.314 DEA c18058d18030 00102ddc40708Donation-GaMAINbMAINc1STd2014-02-09eDonationl0o658.314 DEAp000035612r2025-07-15 00:00:00yBB